000 00431nam a22001691a 4500
001 6704
003 OSt
005 20260204212100.0
008 060627s19..||||sp ||||||b||||||||||spa||
050 _a128 M781h
100 _aMoore, Ruth
245 _aHombre, tiempo y filosofía: dimensión histórica de la vida / Ruth Moore
264 _aEspaña : Labor
300 _a465 p
650 _a1.Hombre - FilosofíaÌ
942 _2ddc
_cBK
999 _c6704
_d6704